| 000 | 02134cam a2200409 i 4500 | ||
|---|---|---|---|
| 001 | 772450038 | ||
| 003 | PE-LiUPU | ||
| 005 | 20250804175143.0 | ||
| 008 | 120106s2012 idu 000 0 eng | ||
| 020 | _a9780816326150 | ||
| 040 |
_aPE-LiUPU _erda _bspa _cPE-LiUPU |
||
| 042 | _apcc | ||
| 050 | 0 | 0 |
_aBS651 _b.I55 2012 |
| 082 | 0 | 0 |
_a231.7652 _223 _bI35 |
| 245 | 0 | 0 |
_aIn the beginning : _bscience and scripture confirm creation / _cedited by Bryan W. Ball ; editorial consultants, Barry D. Oliver and Paul B. Petersen. |
| 264 |
_aNampa, Idaho : _bPacific Press Publishing Association, _cc2012. |
||
| 300 |
_a270 páginas ; _c23 centímetros. |
||
| 336 |
_atext _2rdacontent. |
||
| 337 |
_aunmediated _2rdamedia. |
||
| 338 |
_avolume _2rdacarrier. |
||
| 505 | _aRevelation and the authority of scripture -- The transmission and credibility of the Genesis text -- The word speaks for itself: a theology of scripture -- Genesis: Introduction to the canon and to biblical theology -- A theological reading of Genessis I -- The origins of Genesis reconsidered -- Understanding the "When" of creation in Genesis 1-2 --Biblical theology and the doctrine of creation -- The new testament use of the Genesis text -- Christ and creation: Implications of a VChristocentric understanding -- Intelligent design: evidence from molecular biology -- The heavens are telling: a biblically informed cosmology -- The natural limits of neo-darwinian evolution -- A survey of scientific opinion critical of evolutionary theory -- The Genesis flood and the geological record -- Social darwinism: some consequences of evolutionary thinking -- Theistic evolution: is It a valid option?. | ||
| 526 | _aSEG42 | ||
| 526 | _aSEG41 | ||
| 526 | _aSEG40 | ||
| 526 | _aSEG39 | ||
| 526 | _aP94 | ||
| 526 | _aP87 | ||
| 526 | _aP86 | ||
| 526 | _aP85 | ||
| 526 | _aP77 | ||
| 526 | _aP76 | ||
| 526 | _aP35 | ||
| 650 | 0 |
_aCreacionismo. _9228 |
|
| 700 | 1 |
_aBall, B. W. _q(Bryan W.), _eeditor of compilation. |
|
| 942 |
_2ddc _cBK _n0 |
||
| 999 |
_c61719 _d61719 |
||
| 980 |
_618226 _aJaime Vilcazán Jefe de Análisis Documental _818226 _gJaime Vilcazán Jefe de Análisis Documental |
||